| 000 | 003100000a22000970004500 | ||
|---|---|---|---|
| 100 | 1 | _aKinsler, F. Ross | |
| 245 | 1 | 0 | _aPor un mundo donde quepan todos : La formación bíblibo-teológica al servicio de todos |
| 300 | _aVol. 18, Num 1. (Junio, 1998), Páginas 16-33 | ||
| 773 | 0 | _tVida y pensamiento | |
| 942 | _cANA | ||
| 999 |
_c53085 _d53085 |
||